LEADER 01561nam0-22003251--450- 001 990009483430403321 005 20120413114020.0 035 $a000948343 035 $aFED01000948343 035 $a(Aleph)000948343FED01 035 $a000948343 100 $a20111114d1754----km-y0itay50------ba 101 0 $aita 102 $aIT 140 $aa--------da------gayb------- 200 1 $aDell'origine e fundazion [!] de' seggi di Napoli del tempo che furono istituiti e della separazione de' nobili dal popolo ... del Cingolo Militare ... e della Giuridizione [!] dell'Eletto del Popolo ... Del supplimento al Terminio, ove si aggiungono alcune famiglie tralasciate da esso ... con la caduta di molte Famiglie del Regno. Discorsi di D. Camillo Tutini ... 210 $aIn Napoli$ca spese di Raffaele Gessari$d1754 215 $a[365] p.$din 4° 620 $aNapoli 676 $a901.457.31$v11 rid.$zita 700 1$aTutini,$bCamillo$0514328 719 00$aGessari,$gRaffaele$4650 801 0$aIT$bUNINA$gRICA$2UNIMARC 901 $aAQ 912 $a990009483430403321 952 $aSDI-P 5$b1960$fSDI 952 $aSDI-2 P 5$b109130$fSDI 959 $aSDI 996 $aDell'origine e fundazion de' seggi di Napoli del tempo che furono istituiti e della separazione de' nobili dal popolo ... del Cingolo Militare ... e della Giuridizione ! dell'Eletto del Popolo ... Del supplimento al Terminio, ove si aggiungono alcune famiglie tralasciate da esso ... con la caduta di molte Famiglie del Regno. Discorsi di D. Camillo Tutini ..$9852003 997 $aUNINA LEADER 04011nam 2200649 450 001 9910460228203321 005 20200520144314.0 010 $a0-19-100247-X 010 $a0-19-968874-5 035 $a(CKB)3710000000383065 035 $a(EBL)2033564 035 $a(OCoLC)916921887 035 $a(SSID)ssj0001491652 035 $a(PQKBManifestationID)11935810 035 $a(PQKBTitleCode)TC0001491652 035 $a(PQKBWorkID)11496555 035 $a(PQKB)10113009 035 $a(MiAaPQ)EBC2033564 035 $a(Au-PeEL)EBL2033564 035 $a(CaPaEBR)ebr11039252 035 $a(CaONFJC)MIL762941 035 $a(OCoLC)906575146 035 $a(EXLCZ)993710000000383065 100 $a20150417h20152015 uy 0 101 0 $aeng 135 $aur|n|---||||| 181 $ctxt 182 $cc 183 $acr 200 14$aThe deeper genome $ewhy there is more to the human genome than meets the eye /$fJohn Parrington 205 $aFirst edition. 210 1$aOxford, [England] :$cOxford University Press,$d2015. 210 4$dİ2015 215 $a1 online resource (263 p.) 300 $aIncludes indexes. 311 $a0-19-100246-1 311 $a0-19-968873-7 327 $a""Cover""; ""The Deeper Genome: Why there is more to the human Genome than meets the eye""; ""Copyright""; ""ACKNOWLEDGEMENTS""; ""CONTENTS""; ""INTRODUCTION: How the Genome Lost Its Junk""; ""1: THE INHERITORS""; ""2: LIFE AS A CODE""; ""3: SWITCHES AND SIGNALS""; ""4: THE SPACIOUS GENOME""; ""5: RNA OUT OF THE SHADOWS""; ""6: ITa???S A JUNGLE IN THERE!""; ""7: THE GENOME IN 3D""; ""8: THE JUMPING GENES""; ""9: THE MARKS OF LAMARCK""; ""10: CODE, NON-CODE, GARBAGE, AND JUNK""; ""11: GENES AND DISEASE""; ""12: WHAT MAKES US HUMAN?""; ""13: THE GENOME THAT BECAME CONSCIOUS"" 327 $a""CONCLUSION: The Case for Complexity""""GLOSSARY""; ""ENDNOTES""; ""Introduction: How the Genome Lost Its Junk""; ""Chapter 1: The Inheritors""; ""Chapter 2: Life as a Code""; ""Chapter 3: Switches and Signals""; ""Chapter 4: The Spacious Genome""; ""Chapter 5: RNA Out of the Shadows""; ""Chapter 6: Ita???s a Jungle in There!""; ""Chapter 7: The Genome in 3D""; ""Chapter 8: The Jumping Genes""; ""Chapter 9: The Marks of Lamarck""; ""Chapter 10: Code, Non-Code, Garbage, and Junk""; ""Chapter 11: Genes and Disease""; ""Chapter 12: What Makes Us Human?"" 327 $a""Chapter 13: The Genome That Became Conscious""""Conclusion: The Case for Complexity""; ""INDEX OF NAMES""; ""INDEX OF SUBJECTS""; ""ANCESTORS IN OUR GENOME: The New Science of Human Evolution""; ""BIOCODE: The New Age of Genomics""; ""FREAKS OF NATURE: And what they tell us about evolution and development""; ""LIFE UNFOLDING: How the human body creates itself""; ""MISMATCH: The Timebomb of Lifestyle Disease""; ""MISSING LINKS: In search of human origins""; ""NATUREa???S ORACLE: The life and work of W. D. Hamilton""; ""WHAT IS LIFE? How Chemistry Becomes Biology"" 330 $aOver a decade ago, as the Human Genome Project completed its mapping of the entire human genome, hopes ran high that we would rapidly be able to use our knowledge of human genes to tackle many inherited diseases, and understand what makes us unique among animals. But things didn't turn out that way. For a start, we turned out to have far fewer genes than originally thought - just over 20,000, the same sort of number as a fruit fly or worm. What's more, theproportion of DNA consisting of genes coding for proteins was a mere 2%. So, was the rest of the genome accumulated 'junk'?Things have chang 606 $aGenomes 606 $aHuman genome 606 $aDNA 608 $aElectronic books. 615 0$aGenomes. 615 0$aHuman genome. 615 0$aDNA. 676 $a572.86 700 $aParrington$b John$0904913 801 0$bMiAaPQ 801 1$bMiAaPQ 801 2$bMiAaPQ 906 $aBOOK 912 $a9910460228203321 996 $aThe deeper genome$92192499 997 $aUNINA